| 000 | 00750nam a2200205 i 4500 | ||
|---|---|---|---|
| 001 | 102967 | ||
| 003 | ES-MaACL | ||
| 005 | 20250604062626.0 | ||
| 007 | t| | ||
| 008 | 051222s1917 sp a |||| | spa d | ||
| 080 | _a32(460)"1902/31" | ||
| 100 | 1 |
_aMaura y Montaner, Antonio, _d1853-1925 _979224 |
|
| 245 | 1 | 0 |
_aSituación política de España _b: discurso pronunciado / _cpor Antonio Maura y Montaner en la Plaza de Toros de Madrid la mañana del día 29 de abril de 1917. |
| 260 |
_aMadrid : _bCentro Maurista de Madrid, _c[1917] |
||
| 300 |
_a38 p. : _bil. ; _c23 cm. |
||
| 651 | 4 |
_aEspaña- _xHistoria- _y1902-1931, Alfonso XIII _98276 |
|
| 710 | 2 |
_aCentro Maurista de Madrid. _92757 |
|
| 852 |
_aES-MaACL _j2200-F-13 |
||
| 999 |
_c102967 _d102967 |
||